MARC

LEADER 00000nas a22000007a 4500
001 ssj0012343
003 WaSeSS
005 20200512172242.0
006 m d
007 cr n
008 050614c19779999mnu x pss f0 a0eng c
010 |a  2011200509 
016 7 |a 02161136X  |2 DE-101 
016 7 |a 2042756-6  |2 DE-600 
022 |a 2163-4378  |l 0271-5287  |y 0271-5287 
035 |a (WaSeSS)ssj0012343 
040 |a OCLCS  |b eng  |e pn  |c OCLCS  |d FGA  |d AUD  |d MNM  |d HEBIS  |d OCLCQ  |d CEF  |d DEBBG  |d DLC  |d OCLCQ  |d GBVCP  |d OCLCQ  |d AGL  |d OCLCF  |d HUL  |d OCLCQ  |d OCLCE  |d CUS  |d VT2  |d ZAC  |d APUMS  |d U3W  |d WYU  |d WaSeSS 
042 |a pcc  |a nsdp  |a dlr 
043 |a n-usc-- 
050 4 |a HG2559  |b .F427a 
070 0 |a HG2613.M62  |b F422 
082 1 0 |a 330  |2 14 
082 0 4 |a 330.977/005 
110 2 |a Federal Reserve Bank of Minneapolis. 
210 0 |a Q. rev. - Fed. Reserve Bank Minneap.  |b (Online) 
222 0 |a Quarterly review - Federal Reserve Bank of Minneapolis  |b (Online) 
245 1 0 |a Quarterly review  |h [electronic resource] /  |c Federal Reserve Bank of Minneapolis. 
246 1 4 |a QR  |f July 2004- 
246 1 7 |a Federal Reserve Bank of Minneapolis quarterly review  |f <winter 1983-> 
246 1 7 |a Federal Reserve Bank of Minneapolis QR  |f July 2004- 
260 |a Minneapolis, MN :  |b Federal Reserve Bank of Minneapolis 
310 |a Irregular (once or twice a year),  |b July 2004- 
321 |a Quarterly,  |b summer 1977-summer 2003 
362 1 |a Print began with v. 1 in summer 1977. 
506 |a License restrictions may limit access. 
515 |a Publication suspended after summer 2003 and resumed with July 2004. 
538 |a Master and use copy. Digital master created according to Benchmark for Faithful Digital Reproductions of Monographs and Serials, Version 1. Digital Library Federation, December 2002.  |u http://purl.oclc.org/DLF/benchrepro0212  |5 MiAaHDL 
583 1 |a digitized  |c 2011  |h HathiTrust Digital Library  |l committed to preserve  |2 pda  |5 MiAaHDL 
588 |a Description based on: Vol. 1, no. 1 (summer 2011); title from PDF caption (Federal Reserve Bank of Minneapolis website, viewed Sept. 7, 2011). 
588 |a Latest issue consulted: Vol. 35, no. 2 (Oct. 2012). 
650 0 |a Federal Reserve banks  |v Periodicals. 
650 7 |a Economic history.  |2 fast  |0 (OCoLC)fst00901974 
650 7 |a Federal Reserve banks.  |2 fast  |0 (OCoLC)fst00922135 
650 6 |a Banques de la Réserve fédérale  |v Périodiques. 
650 6 |a Banques  |z États-Unis  |v Périodiques. 
651 0 |a Middle West  |x Economic conditions  |v Periodicals. 
651 7 |a Middle West.  |2 fast  |0 (OCoLC)fst01240052 
651 6 |a Midwest (États-Unis)  |x Conditions économiques  |v Périodiques. 
655 0 |a Electronic journals. 
776 0 8 |i Print version, 1977-2011:  |a Federal Reserve Bank of Minneapolis.  |t Quarterly review - Federal Reserve Bank of Minneapolis  |x 0271-5287  |w (DLC) 80644857  |w (OCoLC)3389378 
780 0 2 |a Federal Reserve Bank of Minneapolis.  |t Ninth district quarterly 
856 4 0 |z Full text available from Research Library: 07/01/1987 to 07/31/2003  |u https://search.proquest.com/publication/47763